LIBRARY & INFORMATION CENTRE, KCAET, TAVANUR

ONLINE PUBLIC ACCESS CATALOGUE (OPAC)

Vralthumbukalile mazha / | വിരല്‍ത്തുമ്പുകളിലെ മഴ (Record no. 19480)

MARC details
000 -LEADER
fixed length control field 00454nam a22001577a 4500
003 - CONTROL NUMBER IDENTIFIER
control field OSt
008 - FIXED-LENGTH DATA ELEMENTS--GENERAL INFORMATION
fixed length control field 250827b |||||||| |||| 00| 0 eng d
041 ## - LANGUAGE CODE
Language code of text/sound track or separate title eng
082 ## - DEWEY DECIMAL CLASSIFICATION NUMBER
Classification number 894.8121
Item number DEE/VI
100 ## - MAIN ENTRY--AUTHOR NAME
Personal name Deepa Bijo Alexander
245 ## - TITLE STATEMENT
Title Vralthumbukalile mazha /
Remainder of title വിരല്‍ത്തുമ്പുകളിലെ മഴ
260 ## - PUBLICATION, DISTRIBUTION, ETC. (IMPRINT)
Place of publication Thiruvananthapuram :
Name of publisher Mythri Books,
Year of publication 2014.
300 ## - PHYSICAL DESCRIPTION
Number of Pages 66 p.
650 ## - SUBJECT ADDED ENTRY--TOPICAL TERM
Topical Term Poem
942 ## - ADDED ENTRY ELEMENTS (KOHA)
Koha item type Books
Holdings
Withdrawn status Lost status Damaged status Home library Current library Date acquired Source of acquisition Cost, normal purchase price Full call number Accession Number Koha item type
      KAUAET KAUAET 27/08/2025 Donated by KT Jaleel MLA 55.00 894.8121 DEE/VI 26319 Books
free website counter